| 000 | 00568nam a2200205 a 4500 | ||
|---|---|---|---|
| 005 | 20210223125152.0 | ||
| 008 | 031009s1993 es r 000 0 spa d | ||
| 020 | _a8476407955 | ||
| 035 | _aUPN01000129864 | ||
| 049 | _aI | ||
| 050 | 4 |
_aPZ71 _bB8.3 |
|
| 100 | 1 | _aBussolati, Emanuela | |
| 245 | 1 | 3 |
_aEl fuego / _cEmanuela Bussolati ; il. Anna Curti. |
| 260 |
_aMadrid : _bEdaf, _c1993. |
||
| 300 |
_a[12] h. : _bprincipalmente il. col. |
||
| 440 | 0 | _aTocatĂș | |
| 650 | 4 |
_aFUEGO - _vLITERATURA INFANTIL _922305 |
|
| 700 | 1 |
_aCurti, Anna, _eil. |
|
| 905 | _aInfantil | ||
| 999 |
_c102021 _d102021 |
||